Statistics for X-Men Villains

Click here to take the quiz!

General Stats

  • This quiz has been taken 75 times
  • The average score is 15 of 22

Answer Stats

HintVillain% Correct
A mutant with the ability to generate and control magnetic fields. A close friend of Professor X, he clashed with the X-Men over the philosophy that mutants and humans could coexist.Magneto
94%
She is a shapeshifter who can mimic the appearance and voice of any person with exquisite precision; her natural appearance includes blue skin, red hair and yellow eyes.Mystique
92%
He is Professor Charles Xavier's stepbrother and one of the X-Men's earliest enemies. After finding the mystical gem of Cyttorak, he is empowered and becomes a massive, unstoppable creature capable of shattering mountains.Juggernaut
89%
A mutant with superhuman leg and tongue strength and the ability to secrete a paralyzing venom from his mucus.Toad
89%
An ancient and immortal mutant with an array of superhuman abilities ranging from shapeshifting to immense superhuman strength and durability. His goal is to eradicate all life from Earth in order to reshape it in his image.Apocalypse
85%
A mutant with powerful telepathic abilities, and later a secondary mutation that allows her to transform into an indestructible diamond form.Emma Frost
84%
A mutant with a regenerative healing factor similar to Wolverine's. Like Wolverine, he has an adamantium skeleton and clawsSabretooth
82%
A mutant with elastic, blubbery skin. Morbidly obese, he is immune to most physical harm. He also possesses a personal gravity field which enabled him to render himself immovable.Blob
81%
An Australian mutant with pyrokinesis, the ability to manipulate flame.Pyro
79%
After suffering from manipulative illusions created by Mastermind, this beloved hero becomes overwhelmed and corrupted by her first taste of evil and transforms into a force of total destruction.Dark Phoenix
77%
A serial killer, born in Soviet Russia, who underwent experiments that equipped him with retractable tentacle-like coils in each of his arms.Omega Red
76%
She is the daughter of Japanese crime boss Lord Dark Wind. After the death of her lover, she sought out a sorceress in order to enhance her body. She was modified with adamantium bones and talonsLady Deathstrike
73%
A mutant with the ability to absorb kinetic and thermal energy directed at him. He was the leader of the New York branch of the Hellfire Club, where he has ruthlessly sacrificed mutant interests for the sake of money and power.Sebastian Shaw
69%
A genetically-altered human and scientific genius, and one of the X-Men's deadliest enemies. He has mastered genetic cloning, which he uses to create clones of the Marauders and others.Mister Sinister
68%
A combination of an evil genius and a hitman who carries out his assassinations via various elaborate traps in his violent amusement park known as Murderworld.Arcade
60%
A sentient psionic entity created from the consciousness of two mutants when the darkest aspect of a villain's mind escaped into Xavier's subconscious, where it "merged" with Xavier's own darker nature to eventually grow into a separate persona of its own.Onslaught
60%
A mutant with the ability to generate seismic waves from his hands. He most often uses this ability to create tremors and earthquakes.Avalanche
58%
A human geneticist who was transformed into a pterodactyl-like humanoid. As the winged beast, he is an energy vampire who must absorb the lifeforce of those around him for sustenance.Sauron
58%
An Egyptian mutant with powerful telepathic abilities and the power to possess other beings while on the Astral Plane. He played a key role in Storm's origin, and has often faced off against Professor X.Shadow King
50%
A Shi'ar warrior and Empress Lilandra's older sister. Exiled from the Shi'ar Empire, she sought to reclaim her throne which put her at odds with Lilandra's allies, the X-Men.Deathbird
40%
A human who was forcibly modified into the sorceress by her former master, Mojo. She has powerful mystical abilities and is able to defeat the X-Men singlehandedly.Spiral
40%
A mutant with the ability to channel bio-kinetic energy into concussive blasts with wooden objects and later gained the ability to manipulate plant life.Black Tom Cassidy
35%

Score Distribution

Percentile by Number Answered

Percent of People with Each Score

Your Score History

You have not taken this quiz